Labor management relations in Japan

Uloženo v:
Podrobná bibliografie
Médium: Kniha
Jazyk:Undetermined
Vydáno: Tokyo Japan External Trade Organization 1973
Témata:
Tagy: Přidat tag
Žádné tagy, Buďte první, kdo otaguje tento záznam!
Thư viện lưu trữ: Trung tâm Học liệu Trường Đại học Cần Thơ
LEADER 00442nam a2200157Ia 4500
001 CTU_85782
008 210402s9999 xx 000 0 und d
082 |a 331 
082 |b L123 
245 0 |a Labor management relations in Japan 
260 |a Tokyo 
260 |b Japan External Trade Organization 
260 |c 1973 
650 |a Industrial relations,Labor unions 
904 |i Năm 
980 |a Trung tâm Học liệu Trường Đại học Cần Thơ